| 000 | 00586nam a2200205Ia 4500 | ||
|---|---|---|---|
| 003 | IIN | ||
| 005 | 20240124153355.0 | ||
| 008 | 231217s9999 xx 000 0 und d | ||
| 020 |
_cRs.595.00 _a9788184489491 |
||
| 040 |
_aIIN _bEnglish |
||
| 082 |
_a610.73071 _bPRA |
||
| 100 | 1 | _aPramilaa R. | |
| 245 | 1 |
_aNursing Communication & Education Technology _cPramilaa R. |
|
| 260 |
_bJaypee _aBangaluru _c2010 |
||
| 300 | _axvi, 464p. | ||
| 650 | 1 |
_aEducation _vNursing |
|
| 650 | 1 |
_aCommunication Technology _vNursing |
|
| 650 | 1 |
_aCommunication & Education _vTechnology |
|
| 942 | _cBOOK | ||
| 999 |
_c1505 _d1505 |
||